Most Popular Boys’ Names by Country - Statistics

General Stats
  • This quiz has been taken 52 times
    41 since last reset
  • The average score is 29 of 77
Answer Stats
Country Starting Letter Answer % Correct
Algeria M Muhammad
91%
Iran M Muhammad
91%
Israel M Muhammad
91%
Jordan M Muhammad
91%
Kyrgyzstan M Muhammad
91%
Libya M Muhammad
91%
Malaysia M Muhammad
91%
Oman M Muhammad
91%
United Arab Emirates M Muhammad
91%
Denmark W William
70%
Sweden W William
70%
Belgium N Noah
64%
Canada N Noah
64%
Germany N Noah
64%
Netherlands N Noah
64%
Switzerland N Noah
64%
United Kingdom N Noah
64%
Australia O Oliver
64%
New Zealand O Oliver
64%
Moldova D David
61%
Uruguay J Juan
61%
Ecuador L Liam
61%
Peru L Liam
61%
United States of America L Liam
61%
Finland L Leo
58%
France L Léo
58%
Austria P Paul
58%
Ireland J Jack
55%
Guatemala J José
55%
Cuba J José Luis
55%
Luxembourg L Louis
55%
Bulgaria A Alexander
52%
Russia A Alexander
52%
Brazil M Miguel
45%
Malta L Luca
42%
Argentina M Mateo
39%
Chile M Mateo
39%
Spain M Martin
33%
Philippines J Jacob
30%
Croatia L Luka
30%
Montenegro L Luka
30%
North Macedonia L Luka
30%
Serbia L Luka
30%
Costa Rica S Samuel
30%
Liechtenstein E Elias
27%
Portugal F Francisco
24%
Uzbekistan M Muhammadali
24%
Iceland E Emil
21%
Italy L Leonardo
21%
Monaco L Leonardo
21%
Albania N Noel
18%
Romania A Andrei
12%
Slovenia F Filip
12%
Ukraine A Artem
9%
Norway J Jakob
9%
Mexico S Santiago
9%
Poland A Antoni
6%
Georgia G Giorgi
6%
Czech Republic J Jakub
6%
Slovakia J Jakub
6%
Honduras J Josué
3%
South Africa L Lethabo
3%
Latvia O Olivers
3%
Estonia R Robin
3%
Dominican Republic A Adriel
0%
Kazakhstan A Alikhan
0%
Türkiye A Alparslan
0%
Japan A Aoi
0%
Armenia D Davit
0%
Bosnia and Herzegovina D Davud
0%
Colombia E Emiliano
0%
South Korea J Jun-yi
0%
Hungary L Levente
0%
Lithuania M Markas
0%
China M Mùchén
0%
Paraguay R Ramón
0%
Azerbaijan U Ugur
0%
No matching quizzes found
Score Distribution
Percent of People with Each Score
Percentile by Number Answered
Your Score History
You have not taken this quiz since the last reset